000 00676nam a22001937a 4500
999 _c182735
_d182735
005 20211203115607.0
010 _aUR-11348
020 _c600.00
_a9789390533206
035 _aU-9903
037 _bDBAD/PUB
082 _a840.08
100 _aمر تبہ: سر فر ا ز ا حمد خا ن
245 _aگنجينہء معنی
_cمر تبہ: سر فر ا ز ا حمد خا ن
246 _aGanjeena-e-Mani (Urdu)
_bEdited by Sarfaraz Ahmed Khan
260 _aN.Delhi
_c2020 ء
_bEducational Publishing House
270 _aD1/16,Ansari Road,Darya Ganj,
_bNew Delhi
_e110002
_l -
300 _a688 ص
_c22 Cm(Hb)
942 _2ddc
_cUR
_h840.08
_mس ر ف